000
00281nam a2200109Ia 4500
008
190914s9999||||xx |||||||||||||| ||und||
100
_a
Shari Lawrence
245
0
_a
Software Engineering Theory And Practice
260
_a
New Delhi
_b
Bantam Books
_c
2002
300
_a
362
942
_c
BK
999
_c
9091
_d
9091